| 000 | 00564nam a2200145Ia 4500 | ||
|---|---|---|---|
| 008 | 170221s9999 xx 000 0 und d | ||
| 100 | _aMuhammad Shaukat Malik | ||
| 245 | _aImpact of Ethical Leadership on Employees’ Performance: Moderating Role of Organizational Values | ||
| 245 | _cMuhammad Shaukat Malik, Mustabsar Awais, Ahmad Timsal, Umer Hameed Qureshi | ||
| 260 | _bInternational Review of Management and Marketing | ||
| 260 | _c2012 | ||
| 300 | _a2 : 2 | ||
| 650 | _xMarketing. | ||
| 856 | _uhttp://www.econjournals.com/index.php/irmm/issue/view/82 | ||
| 999 |
_c313982 _d313982 |
||